[Event "DVM U10 2018"]
[Site "Magdeburg GER"]
[Date "2018.12.28"]
[Round "4"]
[White "Schlange, Jonathan"]
[Black "Sharma, Aarush"]
[Result "1-0"]
[Termination "normal"]
[Board "2.3"]
[WhiteElo "1466"]
[BlackElo "1239"]
[WhiteClock "00:37:36"]
[BlackClock "00:00:17"]
[WhiteTeam "Schachzwerge Magdeburg"]
[BlackTeam "Düsseldorfer SV"]
[PlyCount "81"]
[WhiteFideId "16287240"]
[BlackFideId "16238117"]
[EventCountry "GER"]
[EventRounds "7"]
[EventType "team-swiss"]
[EventDate "2018.12.27"]

1. e4 {[%clk 0:59:58]} c5 {[%clk 0:59:56]} 2. Nf3 {[%clk 0:59:53]} e6 {[%clk
0:59:52]} 3. Nc3 {[%clk 0:59:40]} a6 4. d4 {[%clk 0:59:38]} cxd4 {[%clk
0:59:40]} 5. Nxd4 {[%clk 0:59:34]} Qc7 {[%clk 0:59:26]} 6. Be3 {[%clk 0:59:22]}
Nc6 {[%clk 0:59:06]} 7. Qd2 {[%clk 0:59:12]} Nf6 {[%clk 0:58:57]} 8. f3 {[%clk
0:59:06]} Be7 {[%clk 0:58:38]} 9. h4 {[%clk 0:58:54]} b5 {[%clk 0:58:27]} 10.
h5 {[%clk 0:58:35]} h6 {[%clk 0:57:57]} 11. g4 {[%clk 0:58:28]} d6 {[%clk
0:46:47]} 12. g5 {[%clk 0:58:04]} Ng8 {[%clk 0:45:13]} 13. f4 {[%clk 0:56:47]}
hxg5 {[%clk 0:43:53]} 14. fxg5 {[%clk 0:56:23]} Ne5 {[%clk 0:42:42]} 15. h6
{[%clk 0:55:23]} Bd8 {[%clk 0:35:25]} 16. Be2 {[%clk 0:54:27]} Bb7 {[%clk
0:33:35]} 17. O-O-O {[%clk 0:53:59]} b4 {[%clk 0:33:06]} 18. Na4 {[%clk
0:53:01]} Bxe4 {[%clk 0:32:25]} 19. Rhg1 {[%clk 0:50:38]} Ng6 {[%clk 0:28:51]}
20. Bd3 {[%clk 0:49:46]} Bxd3 {[%clk 0:26:33]} 21. Qxd3 {[%clk 0:49:34]} e5
{[%clk 0:26:09]} 22. Nf5 {[%clk 0:49:23]} Be7 {[%clk 0:23:31]} 23. Bb6 {[%clk
0:47:17]} Qc6 {[%clk 0:20:37]} 24. Nxg7+ {[%clk 0:46:25]} Kd7 {[%clk 0:19:10]}
25. Nc5+ {[%clk 0:46:09]} Kc8 {[%clk 0:18:01]} 26. Qf5+ {[%clk 0:45:51]} Kb8
{[%clk 0:16:47]} 27. Nd7+ {[%clk 0:44:29]} Kb7 {[%clk 0:16:05]} 28. Rh1 {[%clk
0:42:29]} Rc8 {[%clk 0:15:33]} 29. h7 {[%clk 0:42:01]} Bxg5+ {[%clk 0:15:16]}
30. Kb1 {[%clk 0:41:44]} f6 {[%clk 0:10:05]} 31. Qxg6 {[%clk 0:40:55]} e4
{[%clk 0:09:35]} 32. hxg8=Q {[%clk 0:40:24]} Qxc2+ {[%clk 0:08:22]} 33. Ka1
{[%clk 0:40:11]} Rxh1 {[%clk 0:06:24]} 34. Qd5+ {[%clk 0:39:50]} Rc6 {[%clk
0:05:21]} 35. Rxh1 {[%clk 0:39:12]} Bc1 {[%clk 0:05:05]} 36. Qxf6 {[%clk
0:38:29]} Bxb2+ {[%clk 0:00:45]} 37. Qxb2 {[%clk 0:38:18]} Qxb2+ {[%clk
0:00:41]} 38. Kxb2 {[%clk 0:38:15]} e3 {[%clk 0:00:38]} 39. Ne8 {[%clk
0:38:07]} e2 {[%clk 0:00:31]} 40. Nxd6+ {[%clk 0:38:04]} Ka8 {[%clk 0:00:17]}
41. Qxc6# {[%clk 0:37:36]} 1-0

[Event "DVM U10 2018"]
[Site "Magdeburg GER"]
[Date "2018.12.28"]
[Round "4"]
[White "Dimitriu, Filip"]
[Black "Khanbekyan, Nare"]
[Result "1-0"]
[Termination "normal"]
[Board "2.4"]
[WhiteElo "600"]
[BlackElo "1170"]
[WhiteClock "00:35:11"]
[BlackClock "00:36:06"]
[WhiteTeam "Düsseldorfer SV"]
[BlackTeam "Schachzwerge Magdeburg"]
[PlyCount "59"]
[WhiteFideId "1269950"]
[BlackFideId "16270916"]
[EventCountry "GER"]
[EventRounds "7"]
[EventType "team-swiss"]
[EventDate "2018.12.27"]

1. d4 {[%clk 0:59:58]} Nf6 {[%clk 0:59:50]} 2. c4 {[%clk 0:59:51]} e6 {[%clk
0:59:40]} 3. Nc3 {[%clk 0:59:39]} Bb4 {[%clk 0:59:29]} 4. Bd2 {[%clk 0:59:29]}
Bxc3 5. Bxc3 {[%clk 0:59:19]} b6 {[%clk 0:59:05]} 6. Nf3 {[%clk 0:59:09]} Bb7
{[%clk 0:58:45]} 7. e3 {[%clk 0:58:59]} d5 {[%clk 0:58:32]} 8. cxd5 {[%clk
0:58:33]} Qxd5 {[%clk 0:57:57]} 9. Be2 {[%clk 0:57:45]} Ne4 {[%clk 0:57:17]}
10. Qc2 {[%clk 0:56:57]} c5 {[%clk 0:56:12]} 11. O-O {[%clk 0:55:18]} f5 {[%clk
0:55:45]} 12. Rfd1 {[%clk 0:54:57]} Nd7 {[%clk 0:53:46]} 13. dxc5 {[%clk
0:54:39]} Qc6 {[%clk 0:53:09]} 14. cxb6 {[%clk 0:51:31]} axb6 {[%clk 0:52:36]}
15. Nd4 {[%clk 0:49:40]} Qd5 {[%clk 0:51:27]} 16. Nb5 {[%clk 0:48:17]} Nd2
{[%clk 0:50:55]} 17. f3 {[%clk 0:46:48]} Qc6 {[%clk 0:48:32]} 18. Rxd2 {[%clk
0:46:22]} O-O {[%clk 0:47:52]} 19. a3 {[%clk 0:41:19]} g5 {[%clk 0:47:33]} 20.
Rad1 {[%clk 0:40:28]} Rf7 {[%clk 0:45:16]} 21. Nd6 {[%clk 0:39:34]} Rg7 {[%clk
0:41:32]} 22. Bb5 {[%clk 0:38:52]} Qc7 {[%clk 0:40:35]} 23. Bxg7 {[%clk
0:38:14]} Qxc2 {[%clk 0:38:46]} 24. Rxc2 {[%clk 0:37:52]} Kxg7 {[%clk 0:38:12]}
25. Nxb7 {[%clk 0:36:56]} Nf6 {[%clk 0:37:26]} 26. Rc7+ {[%clk 0:36:19]} Kg6
{[%clk 0:36:43]} 27. Rd6 {[%clk 0:35:56]} Re8 {[%clk 0:36:26]} 28. Bxe8+ {[%clk
0:35:42]} Nxe8 {[%clk 0:36:19]} 29. Rxe6+ {[%clk 0:35:29]} Kh5 {[%clk 0:36:06]}
30. Rxh7# {[%clk 0:35:11]} 1-0

[Event "DVM U10 2018"]
[Site "Magdeburg GER"]
[Date "2018.12.28"]
[Round "5"]
[White "Arora, Abhiraaj"]
[Black "von Mettenheim, Johannes"]
[Result "0-1"]
[Termination "normal"]
[Board "1.1"]
[WhiteElo "1404"]
[BlackElo "1689"]
[WhiteClock "00:14:08"]
[BlackClock "00:43:03"]
[WhiteTeam "SC Erlangen"]
[BlackTeam "Schachzentrum Bemerode"]
[PlyCount "110"]
[WhiteFideId "25611054"]
[BlackFideId "16244818"]
[EventCountry "GER"]
[EventRounds "7"]
[EventType "team-swiss"]
[EventDate "2018.12.27"]

1. e4 {[%clk 0:59:59]} c6 {[%clk 0:59:56]} 2. d4 {[%clk 0:59:52]} d5 {[%clk
0:59:52]} 3. e5 {[%clk 0:59:48]} c5 {[%clk 0:59:49]} 4. c4 {[%clk 0:59:37]} e6
{[%clk 0:58:18]} 5. Nc3 {[%clk 0:56:08]} cxd4 {[%clk 0:58:09]} 6. Qxd4 {[%clk
0:55:07]} Nc6 {[%clk 0:58:05]} 7. Qf4 {[%clk 0:52:28]} d4 {[%clk 0:54:30]} 8.
Nce2 {[%clk 0:48:51]} Nb4 {[%clk 0:53:30]} 9. Qe4 {[%clk 0:45:55]} d3 {[%clk
0:53:19]} 10. Nc3 {[%clk 0:40:30]} Nc2+ {[%clk 0:53:03]} 11. Kd1 {[%clk
0:37:54]} Nxa1 {[%clk 0:52:57]} 12. Qxd3 {[%clk 0:37:23]} Qxd3+ {[%clk
0:52:41]} 13. Bxd3 {[%clk 0:37:17]} Bb4 {[%clk 0:52:15]} 14. Nb5 {[%clk
0:36:49]} Ke7 {[%clk 0:51:34]} 15. a3 {[%clk 0:35:29]} Ba5 {[%clk 0:50:42]} 16.
b4 {[%clk 0:35:07]} a6 17. Nd4 {[%clk 0:34:34]} Bc7 {[%clk 0:49:14]} 18. f4
{[%clk 0:33:36]} Bd7 {[%clk 0:49:10]} 19. Bb2 {[%clk 0:32:47]} Ba4+ {[%clk
0:49:03]} 20. Kd2 {[%clk 0:30:43]} Nb3+ {[%clk 0:48:55]} 21. Ke3 {[%clk
0:29:38]} Nxd4 {[%clk 0:48:39]} 22. Bxd4 {[%clk 0:29:22]} Nh6 {[%clk 0:48:08]}
23. Bc5+ {[%clk 0:28:39]} Ke8 {[%clk 0:47:52]} 24. Kf3 {[%clk 0:26:54]} Bc6+
{[%clk 0:47:45]} 25. Kf2 {[%clk 0:26:08]} b6 {[%clk 0:47:33]} 26. Bd6 {[%clk
0:24:51]} Bxd6 {[%clk 0:46:57]} 27. exd6 {[%clk 0:24:41]} Nf5 {[%clk 0:46:39]}
28. Ne2 {[%clk 0:24:04]} Nxd6 {[%clk 0:46:29]} 29. Nd4 {[%clk 0:23:26]} Be4
{[%clk 0:46:13]} 30. Be2 {[%clk 0:22:59]} Nf5 {[%clk 0:46:03]} 31. Nxf5 {[%clk
0:22:20]} exf5 {[%clk 0:45:42]} 32. Re1 {[%clk 0:22:01]} Rd8 {[%clk 0:45:26]}
33. Bf3 {[%clk 0:21:32]} Ke7 {[%clk 0:45:11]} 34. Bxe4 {[%clk 0:21:07]} fxe4
{[%clk 0:45:06]} 35. Rxe4+ {[%clk 0:20:30]} Kf6 {[%clk 0:45:01]} 36. g4 {[%clk
0:19:42]} Rhe8 {[%clk 0:44:55]} 37. Re3 {[%clk 0:19:05]} Rxe3 {[%clk 0:44:49]}
38. Kxe3 {[%clk 0:18:56]} g5 {[%clk 0:44:41]} 39. f5 {[%clk 0:18:45]} Ke5
{[%clk 0:44:33]} 40. a4 {[%clk 0:18:01]} Rd4 {[%clk 0:44:27]} 41. c5 {[%clk
0:17:43]} Rxb4 {[%clk 0:44:18]} 42. c6 {[%clk 0:17:08]} Rb3+ {[%clk 0:44:14]}
43. Kd2 {[%clk 0:17:01]} Kd6 {[%clk 0:44:06]} 44. Kc2 {[%clk 0:16:43]} Rh3
{[%clk 0:44:01]} 45. Kd2 {[%clk 0:16:37]} Kxc6 {[%clk 0:43:57]} 46. Ke2 {[%clk
0:16:27]} Kd5 {[%clk 0:43:54]} 47. Kf2 {[%clk 0:16:16]} Ke4 {[%clk 0:43:49]}
48. Kg2 {[%clk 0:16:09]} Rh4 {[%clk 0:43:31]} 49. Kg3 {[%clk 0:15:56]} Ke3
{[%clk 0:43:22]} 50. h3 {[%clk 0:15:29]} f6 {[%clk 0:43:18]} 51. Kg2 {[%clk
0:15:03]} Kf4 {[%clk 0:43:14]} 52. Kh2 {[%clk 0:14:46]} Kf3 {[%clk 0:43:07]}
53. a5 {[%clk 0:14:33]} b5 {[%clk 0:43:03]} 54. Kg1 {[%clk 0:14:29]} Rxh3 55.
Kf1 {[%clk 0:14:08]} Rh1# 0-1

[Event "DVM U10 2018"]
[Site "Magdeburg GER"]
[Date "2018.12.28"]
[Round "5"]
[White "Sauer, Tim"]
[Black "Keck, Johannes"]
[Result "1/2-1/2"]
[Termination "normal"]
[Board "1.2"]
[WhiteElo "1427"]
[BlackElo "1283"]
[WhiteClock "00:00:29"]
[BlackClock "00:00:27"]
[WhiteTeam "Schachzentrum Bemerode"]
[BlackTeam "SC Erlangen"]
[PlyCount "187"]
[WhiteFideId "16265726"]
[BlackFideId "16258746"]
[EventCountry "GER"]
[EventRounds "7"]
[EventType "team-swiss"]
[EventDate "2018.12.27"]

1. c4 {[%clk 0:59:57]} g6 {[%clk 0:59:22]} 2. Nc3 {[%clk 0:59:48]} Bg7 {[%clk
0:59:13]} 3. g3 {[%clk 0:59:42]} d6 {[%clk 0:58:45]} 4. Bg2 {[%clk 0:59:32]} c5
{[%clk 0:57:24]} 5. Nf3 {[%clk 0:59:15]} Nc6 {[%clk 0:56:27]} 6. O-O {[%clk
0:59:03]} Nf6 {[%clk 0:56:03]} 7. d4 {[%clk 0:58:22]} O-O {[%clk 0:53:36]} 8.
h3 {[%clk 0:54:28]} Bd7 {[%clk 0:51:50]} 9. Be3 {[%clk 0:53:59]} b6 {[%clk
0:49:57]} 10. Rc1 {[%clk 0:51:13]} Qc8 {[%clk 0:48:55]} 11. Kh2 {[%clk
0:49:26]} Bf5 {[%clk 0:47:11]} 12. Nh4 {[%clk 0:42:17]} Bd7 {[%clk 0:46:24]}
13. Nf3 {[%clk 0:41:36]} Bf5 {[%clk 0:46:08]} 14. Nh4 {[%clk 0:36:59]} Bd7
{[%clk 0:45:50]} 15. a3 {[%clk 0:36:36]} cxd4 {[%clk 0:41:32]} 16. Bxd4 {[%clk
0:36:03]} Rb8 {[%clk 0:41:21]} 17. Be3 {[%clk 0:35:18]} Ne5 {[%clk 0:35:52]}
18. b3 {[%clk 0:33:01]} Bc6 {[%clk 0:35:02]} 19. Nd5 {[%clk 0:32:18]} Bxd5
{[%clk 0:30:53]} 20. cxd5 {[%clk 0:31:52]} Qd7 {[%clk 0:29:28]} 21. Bd2 {[%clk
0:30:52]} Qb5 {[%clk 0:27:00]} 22. Rc7 {[%clk 0:29:03]} Qa6 {[%clk 0:24:43]}
23. a4 {[%clk 0:24:32]} Rb7 {[%clk 0:24:11]} 24. Rc1 {[%clk 0:22:47]} Ned7
{[%clk 0:19:49]} 25. b4 {[%clk 0:18:26]} Rbb8 {[%clk 0:19:05]} 26. Rc7 {[%clk
0:17:58]} b5 {[%clk 0:17:34]} 27. a5 {[%clk 0:16:24]} Rb7 {[%clk 0:16:33]} 28.
Rxb7 {[%clk 0:15:22]} Qxb7 {[%clk 0:16:11]} 29. e4 {[%clk 0:15:12]} Ne5 {[%clk
0:13:49]} 30. f4 {[%clk 0:13:03]} Nc4 {[%clk 0:12:50]} 31. Re1 {[%clk 0:12:05]}
Nd7 {[%clk 0:11:50]} 32. Nf3 {[%clk 0:10:28]} Rc8 {[%clk 0:10:38]} 33. Qe2
{[%clk 0:08:34]} Qb8 {[%clk 0:09:03]} 34. Rc1 {[%clk 0:07:22]} h6 {[%clk
0:07:24]} 35. g4 {[%clk 0:06:54]} Rc7 {[%clk 0:06:50]} 36. Be1 {[%clk 0:06:13]}
Rc8 {[%clk 0:06:01]} 37. Nd2 {[%clk 0:05:14]} Nxd2 {[%clk 0:05:18]} 38. Qxd2
{[%clk 0:05:09]} Qb7 {[%clk 0:04:46]} 39. Rc2 {[%clk 0:04:32]} Rxc2 {[%clk
0:04:08]} 40. Qxc2 {[%clk 0:04:27]} Nb8 {[%clk 0:03:57]} 41. Bf1 {[%clk
0:03:16]} a6 {[%clk 0:03:55]} 42. Qc1 {[%clk 0:03:09]} Kf8 {[%clk 0:03:49]} 43.
Bd2 {[%clk 0:03:04]} Ke8 {[%clk 0:03:42]} 44. f5 {[%clk 0:02:39]} Be5+ {[%clk
0:03:40]} 45. Kg2 {[%clk 0:02:37]} g5 {[%clk 0:03:39]} 46. Bc3 {[%clk 0:02:22]}
Bxc3 {[%clk 0:03:32]} 47. Qxc3 {[%clk 0:02:21]} f6 {[%clk 0:03:31]} 48. Be2
{[%clk 0:02:15]} Kd7 {[%clk 0:03:27]} 49. Qe3 {[%clk 0:02:13]} Qc7 {[%clk
0:03:21]} 50. Qd2 {[%clk 0:02:10]} Qa7 {[%clk 0:02:57]} 51. Qc3 {[%clk
0:02:01]} Qc7 {[%clk 0:02:48]} 52. Qxc7+ {[%clk 0:01:32]} Kxc7 {[%clk 0:02:47]}
53. Kf3 {[%clk 0:01:31]} Kd7 {[%clk 0:02:44]} 54. Ke3 {[%clk 0:01:30]} Ke8
{[%clk 0:02:44]} 55. Kd3 Kf7 {[%clk 0:02:40]} 56. Kc3 {[%clk 0:01:27]} Nd7
{[%clk 0:02:35]} 57. Bf1 {[%clk 0:01:26]} Ne5 {[%clk 0:02:34]} 58. Be2 {[%clk
0:01:23]} Kg7 {[%clk 0:02:27]} 59. Bd1 {[%clk 0:01:18]} Nc4 {[%clk 0:02:20]}
60. Bf3 Ne5 {[%clk 0:02:16]} 61. Be2 {[%clk 0:01:02]} Kh7 {[%clk 0:02:15]} 62.
Bd1 {[%clk 0:01:01]} Kg7 {[%clk 0:02:14]} 63. Be2 {[%clk 0:01:01]} Nf7 {[%clk
0:02:04]} 64. Bf3 {[%clk 0:01:00]} Nd8 {[%clk 0:02:03]} 65. Be2 {[%clk
0:00:59]} Kf7 {[%clk 0:01:51]} 66. Bf3 {[%clk 0:00:58]} e6 {[%clk 0:01:24]} 67.
fxe6+ {[%clk 0:00:50]} Nxe6 {[%clk 0:01:23]} 68. dxe6+ {[%clk 0:00:49]} Kxe6
{[%clk 0:01:22]} 69. Kd4 {[%clk 0:00:48]} Kd7 {[%clk 0:01:10]} 70. Kd5 {[%clk
0:00:47]} Ke7 {[%clk 0:01:09]} 71. Be2 {[%clk 0:00:47]} Kd7 {[%clk 0:01:07]}
72. Bd3 {[%clk 0:00:46]} Ke7 {[%clk 0:01:05]} 73. Kc6 {[%clk 0:00:45]} Ke6
{[%clk 0:01:00]} 74. Bxb5 axb5 {[%clk 0:00:57]} 75. a6 {[%clk 0:00:43]} Ke5
{[%clk 0:00:55]} 76. a7 {[%clk 0:00:43]} Kxe4 {[%clk 0:00:54]} 77. a8=Q {[%clk
0:00:42]} Kf3 {[%clk 0:00:53]} 78. Qd8 {[%clk 0:00:41]} Kg3 {[%clk 0:00:51]}
79. Qxd6+ {[%clk 0:00:40]} Kxh3 {[%clk 0:00:49]} 80. Qxf6 {[%clk 0:00:39]} Kxg4
{[%clk 0:00:48]} 81. Qxh6 {[%clk 0:00:38]} Kf4 {[%clk 0:00:47]} 82. Qh2+ {[%clk
0:00:36]} Kg4 {[%clk 0:00:46]} 83. Qg2+ {[%clk 0:00:35]} Kf4 {[%clk 0:00:45]}
84. Kxb5 {[%clk 0:00:34]} g4 {[%clk 0:00:44]} 85. Kc4 g3 {[%clk 0:00:42]} 86.
Kd4 {[%clk 0:00:33]} Kg4 87. Ke4 Kg5 {[%clk 0:00:37]} 88. Qxg3+ {[%clk
0:00:31]} Kf6 {[%clk 0:00:37]} 89. Qe5+ {[%clk 0:00:31]} Kg6 {[%clk 0:00:34]}
90. Qf5+ {[%clk 0:00:30]} Kh6 {[%clk 0:00:32]} 91. Qg4 {[%clk 0:00:29]} Kh7
{[%clk 0:00:30]} 92. Kf5 {[%clk 0:00:29]} Kh8 93. Kf6 Kh7 {[%clk 0:00:27]} 94.
Qg7# *

[Event "DVM U10 2018"]
[Site "Magdeburg GER"]
[Date "2018.12.28"]
[Round "5"]
[White "Isbilir, Levin"]
[Black "Elgeti, Jonas"]
[Result "1-0"]
[Termination "normal"]
[Board "1.3"]
[WhiteElo "1246"]
[BlackElo "1234"]
[WhiteClock "00:11:27"]
[BlackClock "00:35:34"]
[WhiteTeam "SC Erlangen"]
[BlackTeam "Schachzentrum Bemerode"]
[PlyCount "73"]
[WhiteFideId "16267192"]
[EventCountry "GER"]
[EventRounds "7"]
[EventType "team-swiss"]
[EventDate "2018.12.27"]

1. e4 {[%clk 0:59:59]} e5 {[%clk 0:59:57]} 2. Nf3 {[%clk 0:59:53]} Nc6 {[%clk
0:59:46]} 3. Bc4 {[%clk 0:59:49]} Bc5 {[%clk 0:59:39]} 4. d3 {[%clk 0:59:42]}
d6 {[%clk 0:59:16]} 5. Nc3 {[%clk 0:59:34]} Bg4 {[%clk 0:58:53]} 6. h3 {[%clk
0:59:29]} Bh5 {[%clk 0:58:47]} 7. g4 {[%clk 0:59:23]} Bg6 {[%clk 0:58:36]} 8.
a3 {[%clk 0:57:22]} Nd4 {[%clk 0:58:00]} 9. Be3 {[%clk 0:55:41]} Qf6 {[%clk
0:56:58]} 10. Bxd4 {[%clk 0:54:31]} Bxd4 {[%clk 0:56:39]} 11. Nd5 {[%clk
0:51:27]} Qd8 {[%clk 0:56:04]} 12. Nxd4 {[%clk 0:50:13]} exd4 {[%clk 0:55:54]}
13. Qd2 {[%clk 0:50:04]} c6 {[%clk 0:55:19]} 14. Nf4 {[%clk 0:49:50]} Ne7
{[%clk 0:54:24]} 15. O-O-O {[%clk 0:48:58]} d5 {[%clk 0:53:51]} 16. exd5 {[%clk
0:48:28]} cxd5 17. Bb5+ {[%clk 0:47:05]} Nc6 {[%clk 0:51:22]} 18. Rhe1+ {[%clk
0:45:05]} Kf8 {[%clk 0:50:32]} 19. Bxc6 {[%clk 0:35:44]} bxc6 {[%clk 0:50:20]}
20. Qb4+ {[%clk 0:35:02]} Kg8 {[%clk 0:50:04]} 21. Qxd4 {[%clk 0:34:36]} h6
{[%clk 0:48:27]} 22. Nxg6 {[%clk 0:31:49]} fxg6 {[%clk 0:47:48]} 23. Re6 {[%clk
0:30:59]} Kh7 {[%clk 0:46:01]} 24. Rxc6 {[%clk 0:29:00]} Qd7 {[%clk 0:45:43]}
25. Rc5 {[%clk 0:27:12]} Rhd8 {[%clk 0:45:18]} 26. Re1 {[%clk 0:26:18]} Rac8
{[%clk 0:44:43]} 27. Rxc8 {[%clk 0:25:37]} Rxc8 {[%clk 0:44:25]} 28. Re5 {[%clk
0:25:15]} Re8 {[%clk 0:43:21]} 29. Rxe8 {[%clk 0:21:10]} Qxe8 {[%clk 0:42:49]}
30. Kd2 {[%clk 0:20:17]} Qb5 {[%clk 0:42:18]} 31. Qb4 {[%clk 0:17:46]} Qd7
{[%clk 0:41:15]} 32. Qd4 {[%clk 0:16:58]} h5 {[%clk 0:38:53]} 33. gxh5 {[%clk
0:13:32]} gxh5 {[%clk 0:38:41]} 34. h4 {[%clk 0:12:54]} a6 {[%clk 0:37:49]} 35.
c4 {[%clk 0:12:19]} Qd8 {[%clk 0:35:57]} 36. Qxd5 {[%clk 0:11:50]} Qxh4 {[%clk
0:35:34]} 37. Qe4+ {[%clk 0:11:27]} 1-0

[Event "DVM U10 2018"]
[Site "Magdeburg GER"]
[Date "2018.12.28"]
[Round "5"]
[White "Schmidt, Paul"]
[Black "Wedekind, Ferdinand"]
[Result "1-0"]
[Termination "normal"]
[Board "1.4"]
[WhiteElo "1100"]
[BlackElo "1217"]
[WhiteClock "00:35:17"]
[BlackClock "00:11:33"]
[WhiteTeam "Schachzentrum Bemerode"]
[BlackTeam "SC Erlangen"]
[PlyCount "63"]
[BlackFideId "16298179"]
[EventCountry "GER"]
[EventRounds "7"]
[EventType "team-swiss"]
[EventDate "2018.12.27"]

1. d4 {[%clk 0:59:57]} d5 {[%clk 0:59:55]} 2. c4 {[%clk 0:59:44]} e6 {[%clk
0:58:59]} 3. Nc3 {[%clk 0:59:32]} Nf6 {[%clk 0:58:47]} 4. Bg5 {[%clk 0:59:01]}
Bb4 {[%clk 0:56:26]} 5. Qb3 {[%clk 0:58:22]} Bxc3+ {[%clk 0:54:39]} 6. Qxc3
{[%clk 0:58:09]} h6 {[%clk 0:53:55]} 7. Bh4 {[%clk 0:57:56]} g5 {[%clk
0:53:32]} 8. Bg3 {[%clk 0:57:42]} Nc6 {[%clk 0:52:49]} 9. Nf3 {[%clk 0:57:28]}
Bd7 {[%clk 0:51:38]} 10. e3 {[%clk 0:57:07]} Qe7 {[%clk 0:48:05]} 11. Bd3
{[%clk 0:56:36]} O-O-O {[%clk 0:47:49]} 12. c5 {[%clk 0:56:08]} Rhe8 {[%clk
0:44:26]} 13. O-O {[%clk 0:55:30]} Rg8 {[%clk 0:42:51]} 14. Be5 {[%clk
0:54:50]} h5 {[%clk 0:42:06]} 15. Nd2 {[%clk 0:53:18]} h4 {[%clk 0:41:05]} 16.
Nb3 {[%clk 0:52:15]} g4 {[%clk 0:40:09]} 17. Na5 {[%clk 0:51:40]} Be8 {[%clk
0:36:12]} 18. b4 {[%clk 0:49:32]} Nd7 {[%clk 0:33:16]} 19. Nxc6 {[%clk
0:48:32]} bxc6 {[%clk 0:31:57]} 20. b5 {[%clk 0:48:11]} cxb5 {[%clk 0:30:52]}
21. Bxb5 {[%clk 0:47:25]} Kb8 {[%clk 0:29:56]} 22. Ba6 {[%clk 0:45:41]} Ka8
{[%clk 0:28:33]} 23. Bxc7 {[%clk 0:44:44]} Rb8 {[%clk 0:26:23]} 24. Bxb8 {[%clk
0:43:47]} Nxb8 {[%clk 0:26:17]} 25. Bd3 {[%clk 0:42:28]} Bc6 {[%clk 0:24:35]}
26. Rab1 {[%clk 0:41:55]} h3 {[%clk 0:22:46]} 27. g3 {[%clk 0:39:27]} Qf6
{[%clk 0:19:15]} 28. Be2 {[%clk 0:39:11]} Re8 {[%clk 0:15:26]} 29. Bxg4 {[%clk
0:37:55]} e5 {[%clk 0:12:19]} 30. dxe5 {[%clk 0:36:57]} Rxe5 {[%clk 0:12:00]}
31. f4 {[%clk 0:35:24]} Re8 {[%clk 0:11:33]} 32. Qxf6 {[%clk 0:35:17]} 1-0

[Event "DVM U10 2018"]
[Site "Magdeburg GER"]
[Date "2018.12.28"]
[Round "5"]
[White "Klaska, Philipp Leon"]
[Black "Linnemann, Caspar"]
[Result "1-0"]
[Termination "normal"]
[Board "2.1"]
[WhiteElo "1398"]
[BlackElo "1218"]
[WhiteClock "00:36:29"]
[BlackClock "00:22:33"]
[WhiteTeam "Düsseldorfer SV"]
[BlackTeam "TuS Coswig"]
[PlyCount "49"]
[WhiteFideId "16238044"]
[BlackFideId "16200284"]
[EventCountry "GER"]
[EventRounds "7"]
[EventType "team-swiss"]
[EventDate "2018.12.27"]

1. e4 {[%clk 0:59:58]} c5 {[%clk 0:59:55]} 2. Nf3 {[%clk 0:59:53]} d6 {[%clk
0:59:49]} 3. d4 {[%clk 0:59:47]} cxd4 {[%clk 0:59:44]} 4. Nxd4 {[%clk 0:59:42]}
Nf6 {[%clk 0:59:37]} 5. Nc3 {[%clk 0:59:15]} a6 {[%clk 0:59:16]} 6. Be3 {[%clk
0:58:56]} Ng4 {[%clk 0:58:35]} 7. Bc1 {[%clk 0:57:20]} g6 {[%clk 0:55:02]} 8.
f3 {[%clk 0:57:10]} Nf6 {[%clk 0:54:54]} 9. Be3 {[%clk 0:56:56]} Bg7 {[%clk
0:54:38]} 10. Qd2 {[%clk 0:56:32]} O-O {[%clk 0:54:29]} 11. O-O-O {[%clk
0:56:04]} Qc7 {[%clk 0:53:13]} 12. Bh6 {[%clk 0:55:06]} Re8 {[%clk 0:51:51]}
13. g4 {[%clk 0:54:13]} Nc6 {[%clk 0:51:20]} 14. Nxc6 {[%clk 0:52:15]} Qxc6
{[%clk 0:50:02]} 15. h4 {[%clk 0:51:08]} b5 {[%clk 0:49:13]} 16. h5 {[%clk
0:48:18]} Bb7 {[%clk 0:47:14]} 17. hxg6 {[%clk 0:42:57]} fxg6 {[%clk 0:46:39]}
18. Bxg7 {[%clk 0:41:39]} Kxg7 {[%clk 0:45:43]} 19. Nd5 {[%clk 0:40:31]} Rh8
{[%clk 0:32:31]} 20. Nxe7 {[%clk 0:38:34]} Nxe4 {[%clk 0:27:14]} 21. Qd4+
{[%clk 0:37:25]} Kf7 {[%clk 0:23:28]} 22. Nxc6 {[%clk 0:36:57]} Bxc6 {[%clk
0:23:10]} 23. fxe4 {[%clk 0:36:40]} Rhe8 {[%clk 0:22:56]} 24. Rxh7+ {[%clk
0:36:29]} Ke6 {[%clk 0:22:33]} 25. Qxd6# 1-0

[Event "DVM U10 2018"]
[Site "Magdeburg GER"]
[Date "2018.12.28"]
[Round "5"]
[White "Kullmann, Theo"]
[Black "Dordevic, Tom"]
[Result "0-1"]
[Termination "normal"]
[Board "2.2"]
[WhiteElo "1358"]
[BlackElo "1158"]
[WhiteClock "00:37:49"]
[BlackClock "00:37:42"]
[WhiteTeam "TuS Coswig"]
[BlackTeam "Düsseldorfer SV"]
[PlyCount "68"]
[WhiteFideId "16218582"]
[BlackFideId "16260503"]
[EventCountry "GER"]
[EventRounds "7"]
[EventType "team-swiss"]
[EventDate "2018.12.27"]

1. e4 {[%clk 1:00:00]} c5 {[%clk 0:59:53]} 2. Nc3 {[%clk 0:59:40]} Nc6 {[%clk
0:59:38]} 3. d3 {[%clk 0:59:29]} d6 {[%clk 0:59:13]} 4. Be3 {[%clk 0:59:09]}
Nf6 {[%clk 0:58:49]} 5. Nge2 {[%clk 0:58:57]} a6 {[%clk 0:58:14]} 6. g3 {[%clk
0:58:23]} b5 {[%clk 0:57:57]} 7. Bg2 {[%clk 0:58:06]} Bb7 {[%clk 0:57:40]} 8.
O-O {[%clk 0:57:30]} e6 {[%clk 0:57:12]} 9. f4 {[%clk 0:57:13]} Qc7 {[%clk
0:56:43]} 10. Qd2 {[%clk 0:56:53]} Be7 {[%clk 0:56:16]} 11. h3 {[%clk 0:56:36]}
O-O {[%clk 0:54:36]} 12. Kh2 {[%clk 0:56:25]} Rfd8 {[%clk 0:53:24]} 13. Rf2
{[%clk 0:54:11]} d5 {[%clk 0:52:42]} 14. f5 {[%clk 0:51:50]} d4 {[%clk
0:51:46]} 15. fxe6 {[%clk 0:50:24]} fxe6 {[%clk 0:51:18]} 16. e5 {[%clk
0:49:02]} Nxe5 {[%clk 0:49:08]} 17. Bf4 {[%clk 0:47:44]} Bxg2 {[%clk 0:48:52]}
18. Rxg2 {[%clk 0:47:26]} dxc3 {[%clk 0:48:38]} 19. Qe3 {[%clk 0:46:21]} Bd6
{[%clk 0:47:21]} 20. Bxe5 {[%clk 0:45:48]} Bxe5 {[%clk 0:46:50]} 21. bxc3
{[%clk 0:45:36]} Nd5 {[%clk 0:45:17]} 22. Qd2 {[%clk 0:44:53]} b4 {[%clk
0:44:33]} 23. d4 {[%clk 0:43:34]} bxc3 {[%clk 0:44:17]} 24. Qd3 {[%clk
0:42:53]} cxd4 {[%clk 0:43:15]} 25. Nxd4 {[%clk 0:42:25]} Nf4 {[%clk 0:40:49]}
26. gxf4 {[%clk 0:41:24]} Rxd4 {[%clk 0:40:26]} 27. Qf3 {[%clk 0:40:46]} Rxf4
{[%clk 0:39:32]} 28. Qxf4 Bxf4+ 29. Kh1 {[%clk 0:39:30]} Qb7 {[%clk 0:39:07]}
30. Re1 {[%clk 0:38:44]} Rd8 {[%clk 0:38:37]} 31. h4 {[%clk 0:38:26]} Rd2
{[%clk 0:38:07]} 32. Reg1 {[%clk 0:38:13]} Be3 {[%clk 0:37:55]} 33. Kh2 {[%clk
0:38:02]} Bxg1+ {[%clk 0:37:42]} 34. Kxg1 {[%clk 0:37:49]} Qxg2# 0-1